| 000 | 00597nam a2200217Ia 4500 | ||
|---|---|---|---|
| 005 | 20260429112304.0 | ||
| 008 | 260429s9999||||xx |||||||||||||| ||und|| | ||
| 020 | _a9781324063704 | ||
| 041 | _aEnglish | ||
| 082 |
_a338.9 _bJON |
||
| 100 | _aJones, Charles I. | ||
| 245 | 0 |
_aIntroduction to economic growth / _cCharles I. Jones |
|
| 250 | _a4th ed. | ||
| 260 |
_aNew York : _bW. W. Norton & Company, _c2024. |
||
| 300 | _axiv, 312 p.; pbk | ||
| 650 | _a Development economics | ||
| 650 | _a Macroeconomics | ||
| 650 | _aEconomic growth | ||
| 700 | _a Vollrath, Dietrich | ||
| 942 | _cTB | ||
| 999 |
_c53332 _d53332 |
||